NLSUI OPAC header image

Global legal pluralism : (Record no. 30386)

MARC details
000 -LEADER
fixed length control field 01647cam a2200337 a 4500
001 - CONTROL NUMBER
control field 16880509
003 - CONTROL NUMBER IDENTIFIER
control field OSt
005 - DATE AND TIME OF LATEST TRANSACTION
control field 20210603082306.0
008 - FIXED-LENGTH DATA ELEMENTS--GENERAL INFORMATION
fixed length control field 110720s2012 enk b 001 0 eng
010 ## - LIBRARY OF CONGRESS CONTROL NUMBER
LC control number 2011030488
015 ## - NATIONAL BIBLIOGRAPHY NUMBER
National bibliography number GBB1B0451
Source bnb
016 7# - NATIONAL BIBLIOGRAPHIC AGENCY CONTROL NUMBER
Record control number 015894778
Source Uk
020 ## - INTERNATIONAL STANDARD BOOK NUMBER
International Standard Book Number 9780521769822 (hbk.)
020 ## - INTERNATIONAL STANDARD BOOK NUMBER
International Standard Book Number 0521769825 (hbk.)
035 ## - SYSTEM CONTROL NUMBER
System control number (OCoLC)ocn743040373
040 ## - CATALOGING SOURCE
Original cataloging agency DLC
Language of cataloging eng
Transcribing agency DLC
Modifying agency YDX
-- BTCTA
-- YDXCP
-- CLU
-- UKMGB
-- BWX
-- DLC
042 ## - AUTHENTICATION CODE
Authentication code pcc
050 00 - LIBRARY OF CONGRESS CALL NUMBER
Classification number K236
Item number .B47 2012
082 00 - DEWEY DECIMAL CLASSIFICATION NUMBER
Classification number 340.9
Edition number 23
100 1# - MAIN ENTRY--PERSONAL NAME
Personal name Berman, Paul Schiff.
245 10 - TITLE STATEMENT
Title Global legal pluralism :
Remainder of title a jurisprudence of law beyond borders /
Statement of responsibility, etc. Paul Schiff Berman.
260 ## - PUBLICATION, DISTRIBUTION, ETC.
Place of publication, distribution, etc. Cambridge ;
-- New York :
Name of publisher, distributor, etc. Cambridge University Press,
Date of publication, distribution, etc. 2012.
300 ## - PHYSICAL DESCRIPTION
Extent xii, 344 p. ;
Dimensions 24 cm.
504 ## - BIBLIOGRAPHY, ETC. NOTE
Bibliography, etc. note Includes bibliographical references (p. xi-xii) and index.
505 0# - FORMATTED CONTENTS NOTE
Formatted contents note Contents:<br/>Introduction -- <br/>A world of legal conflicts -- <br/>The limits of sovereigntist territoriality -- <br/>Universalism and its discontents -- <br/>Towards a cosmopolitan pluralist jurisprudence -- <br/>Procedural mechanisms, institutional designs, and discursive practices for managing pluralism -- <br/>The changing terrain of jurisdiction -- <br/>A cosmopolitan pluralist approach to choice of law -- <br/>Recognition of judgments and the legal negotiation of difference -- <br/>Conclusion.
650 #0 - SUBJECT ADDED ENTRY--TOPICAL TERM
Topical term or geographic name entry element Legal polycentricity.
650 #0 - SUBJECT ADDED ENTRY--TOPICAL TERM
Topical term or geographic name entry element Law and globalization.
906 ## - LOCAL DATA ELEMENT F, LDF (RLIN)
a 7
b cbc
c orignew
d 1
e ecip
f 20
g y-gencatlg
942 ## - ADDED ENTRY ELEMENTS (KOHA)
Source of classification or shelving scheme Dewey Decimal Classification
Koha item type BOOKs
Holdings
Withdrawn status Lost status Damaged status Not for loan Home library Current library Shelving location Date acquired Cost, normal purchase price Total Checkouts Full call number Barcode Date last seen Price effective from Koha item type
        . .   30.05.2017 5583.00   340.1 BER 27706 30.05.2017 30.05.2017 BOOKs